| 000 | 00774nam a2200241 a 4500 | ||
|---|---|---|---|
| 001 | 70213 | ||
| 003 | BD-RjUL | ||
| 005 | 20211209081957.0 | ||
| 008 | 170416s1949 enk b 001 0 eng | ||
| 035 | _a(BD-RjUL)70427 | ||
| 040 |
_aDLC/ICU _cICU _dBD-RjUL _beng |
||
| 041 | _aeng | ||
| 082 | 0 | 0 |
_a516.36 _223 _bSCP 1949 |
| 100 | 1 |
_aSchouten, J. A. _q(Jan Arnoldus), _d1883- _9207938 |
|
| 245 | 1 | 0 |
_aPfaff's problem and its generalizations / _cby J.A. Schouten and W. v.d. Kulk. |
| 260 |
_aOxford : _bClarendon Press, _cc1949. |
||
| 300 |
_axvi, 542 p. ; _c25 cm. |
||
| 504 | _aIncludes bibliography & index: p. [534]-536. | ||
| 650 | 0 |
_aPfaff's problem. _9207939 |
|
| 700 | 1 |
_aKulk, W. van der _q(Wouter), _ejoint author. _9207940 |
|
| 942 |
_2ddc _cBK |
||
| 999 |
_c70213 _d70213 |
||